00692nam a2200181 a 450000100100000000500170001000800410002702000150006804000250008308200130010824501410012126000470026230000210030949000580033050400350038870000280042383000590045100002283820200930021828.0101119s1981 mx 000 0 spa d a9682309735 aDO-SdBNPbspacBNPHU ann*bnn*00aCorrespondencia 1868-1895 Karl Marx, Nikolái F. Danielsón, Frierich Engels /cRecopilación, presentación y notas José Aricó. aMéxico, D. F. :bSiglo Veintiuno,c1981. a397 p. ;c21 cm.1 aBiblioteca del Pensamiento Socialista. Los Clásicos aBibliografía : xxx-xxxvii p.1 aAricó, José,ecomp. 0aBiblioteca del Pensamiento Socialista.pLos Clásicos